00770nam a2200217 i 450000100060000000300090000600500170001500700030003200800410003510000300007624501150010625000150022126000360023630000220027249000220029470000350031683000300035185200320038199900170041395201220043090792ES-MaACL20230906180549.0t|050125s1964 sp ||||1| cat d1 aLeclercq, Jacques.97109413aLa llibertat dópinió i els catáolics / cJacques Leclercq ; [traductor catalá, Joan Fortuny i Escoda]. a[1ª ed.]. a[Barcelona] : bAriel, c[1964] a331 p. ; c19 cm.1 aLlibres del Nopal1 aFortuny i Escoda, Joan.9518840 aLlibres del Nopal9181862 aES-MaACLjC-26453 bR.55553 c90792d90792 00104070aATENEOMbATENEOMcDEPO2d2008-01-17eSCl0oC-26453p1094797r2023-02-23 00:00:00w2023-02-23yMONOGRAFIA